Un siglo y medio de economía nicaragüense: las raíces del presente
El documento presenta un análisis de la historia económica de Nicaragua, enfocándose en la estructura económica actual, como funcionan sus diferentes ramas productivas, así como un análisis histórico de la economía nicaragüense.
Đã lưu trong:
| Tác giả chính: | |
|---|---|
| Định dạng: | Texto |
| Ngôn ngữ: | Spanish |
| Được phát hành: |
Managua:
IHNCA. UCA
2007
|
| Những chủ đề: | |
| Các nhãn: |
Thêm thẻ
Không có thẻ, Là người đầu tiên thẻ bản ghi này!
|
MARC
| LEADER | 00000 a a2200000 04500 | ||
|---|---|---|---|
| 001 | 38083 | ||
| 003 | cru CIDCACS/IIS | ||
| 005 | 20230530081049.0 | ||
| 008 | 230529e2007 ni ||||| |||| 00| 0 spa d | ||
| 020 | |a 978-99924-0-615-1 | ||
| 040 | |a CRAI/IIS |c CRAI/IIS | ||
| 090 | |a 03.02.01 S684u | ||
| 100 | |a Solá Montserrat, Roser | ||
| 245 | |a Un siglo y medio de economía nicaragüense: las raíces del presente |c Roser Solá Montserrat | ||
| 260 | |a Managua: |b IHNCA. UCA |c 2007 | ||
| 300 | |a 193 páginas | ||
| 520 | |a El documento presenta un análisis de la historia económica de Nicaragua, enfocándose en la estructura económica actual, como funcionan sus diferentes ramas productivas, así como un análisis histórico de la economía nicaragüense. | ||
| 650 | 0 | |9 143 |a ECONOMIA | |
| 650 | 0 | |9 136 |a HISTORIA | |
| 650 | 0 | |9 7732 |a ESTRUCTURA ECONOMICA | |
| 651 | 0 | |9 1861 |a NICARAGUA | |
| 942 | |2 ddc |c LI |h 03.02.01 S684u |i 05712 |6 030201_S684U_05712 | ||
| 999 | |c 17580 |d 17580 | ||



